[Event "Medellin de La Raza U2000 op"]
[Site "Medellin"]
[Date "2023.10.15"]
[Round "7"]
[White "Bermudez Rojas, Alejandro"]
[Black "Alvarez Mendoza, Rafael"]
[Result "1/2-1/2"]
[WhiteElo "1243"]
[BlackElo "1561"]
[PlyCount "88"]
[EventDate "2023.10.12"]
[EventType "swiss"]
[EventRounds "9"]
[EventCountry "COL"]
[SourceTitle "Mega2024 Update 01"]
[Source "Chessbase"]
[SourceDate "2023.11.12"]
[SourceVersion "1"]
[SourceVersionDate "2023.11.12"]
[SourceQuality "1"]

1. e4 c6 2. d4 d5 3. e5 e6 4. Nf3 Nd7 5. Bd3 c5 6. c3 cxd4 7. cxd4 Bb4+ 8. Nbd2 Ne7 9. a3 Ba5 10. b4 Bb6 11. 0-0 a6 12. Nb3 Nc6 13. Bb2 Qe7 14. h3 Bc7 15. Rc1 h6 16. Qd2 0-0 17. Qf4 Nb6 18. Nc5 Nd7 19. Nh2 Nxc5 20. Rxc5 Bb6 21. Rcc1 Qg5 22. Qxg5 hxg5 23. Nf3 Bd8 24. Rc2 Bd7 25. Rfc1 Rc8 26. g4 Be7 27. b5 Nb8 28. Rxc8 Rxc8 29. Rxc8+ Bxc8 30. a4 Nd7 31. Nd2 Nb6 32. Kg2 Nxa4 33. bxa6 bxa6 34. Bc1 f6 35. Nf3 Nc3 36. Bb2 Na4 37. Ba1 Nb6 38. Nd2 a5 39. Bb5 a4 40. Bc3 Kf7 41. Ba5 Bd8 42. Bxa4 Nxa4 43. Bxd8 Ba6 44. Nf3 Nc3 1/2-1/2

[Event "Medellin de La Raza U2000 op"]
[Site "Medellin"]
[Date "2023.10.13"]
[Round "3"]
[White "Alvarez Mendoza, Rafael"]
[Black "Herrera Idarraga, Karen Alejandra"]
[Result "0-1"]
[WhiteElo "1561"]
[BlackElo "1214"]
[PlyCount "50"]
[EventDate "2023.10.12"]
[EventType "swiss"]
[EventRounds "9"]
[EventCountry "COL"]
[SourceTitle "Mega2024 Update 01"]
[Source "Chessbase"]
[SourceDate "2023.11.12"]
[SourceVersion "1"]
[SourceVersionDate "2023.11.12"]
[SourceQuality "1"]

1. e4 c5 2. Nf3 Nc6 3. d4 cxd4 4. Nxd4 g6 5. Nxc6 bxc6 6. Qd4 Nf6 7. e5 Nh5 8. e6 Bg7 9. exf7+ Kxf7 10. Qc4+ e6 11. Be2 Nf6 12. 0-0 Rf8 13. Bg5 Kg8 14. Nc3 Qb6 15. Na4 Qa5 16. Nc3 Qxg5 17. f4 Qh4 18. g3 Qh3 19. Bf3 Ng4 20. Bxg4 Qxg4 21. Rae1 Rb8 22. b3 Rb6 23. Qe2 Qf5 24. Ne4 d5 25. g4 Qxe4 0-1

[Event "COL-ch Visually impaired"]
[Site "Cartagena"]
[Date "2019.12.03"]
[Round "1.4"]
[White "Alvarez Mendoza, Rafael"]
[Black "Rico Hernandez, Edgar"]
[Result "0-1"]
[WhiteElo "1545"]
[BlackElo "1793"]
[PlyCount "126"]
[EventDate "2019.12.03"]
[EventType "swiss"]
[EventRounds "6"]
[EventCountry "COL"]
[SourceTitle "EXT 2024"]
[Source "ChessBase"]
[SourceDate "2023.10.10"]
[SourceVersion "1"]
[SourceVersionDate "2023.10.10"]
[SourceQuality "1"]

1. d4 d5 2. Bf4 Nf6 3. e3 c5 4. c3 Nc6 5. Nd2 Qb6 6. Qc2 Bg4 7. h3 Bh5 8. Ngf3 Bg6 9. dxc5 Qxc5 10. Bd3 Bxd3 11. Qxd3 e6 12. b4 Qb6 13. 0-0 Be7 14. a4 0-0 15. Rfc1 Rac8 16. a5 Qd8 17. Nd4 Bd6 18. Nxc6 bxc6 19. Qd4 Bxf4 20. Qxf4 c5 21. Rab1 Qe7 22. Nf3 Ne4 23. b5 Nd6 24. Ne5 f6 25. Nd3 Nc4 26. Ra1 Qd8 27. a6 e5 28. Qg4 Qe8 29. Rcb1 h5 30. Qe2 g6 31. Nb2 Nb6 32. Na4 Nxa4 33. Rxa4 Qd7 34. Qd1 Rb8 35. Qc2 Kg7 36. Qe2 Rb6 37. g4 h4 38. Ra2 Rfb8 39. Rab2 c4 40. Rd2 Rd6 41. Rdb2 Qc7 42. f3 Qc5 43. Kg2 Rdb6 44. f4 Rxb5 45. Rxb5 Rxb5 46. Rxb5 Qxb5 47. fxe5 fxe5 48. g5 Qxa6 49. Qf3 Qa2+ 50. Kf1 Qb1+ 51. Kg2 Qc2+ 52. Kf1 Qb1+ 53. Kg2 Qe4 54. Qxe4 dxe4 55. Kf2 Kf7 56. Ke2 Ke6 57. Kf2 Kf5 58. Kg2 Kxg5 59. Kf2 Kf5 60. Kg2 Kg5 61. Kf2 Kf5 62. Kg2 g5 63. Kf1 g4 0-1

[Event "Medellin op 2nd"]
[Site "Medellin"]
[Date "2019.05.10"]
[Round "5.2"]
[White "Acosta Cruz, Luis Ivan"]
[Black "Alvarez Mendoza, Rafael"]
[Result "1-0"]
[WhiteElo "1783"]
[BlackElo "1519"]
[PlyCount "105"]
[EventDate "2019.05.08"]
[EventType "swiss"]
[EventRounds "6"]
[EventCountry "COL"]
[SourceTitle "EXT 2024"]
[Source "ChessBase"]
[SourceDate "2023.10.10"]
[SourceVersion "1"]
[SourceVersionDate "2023.10.10"]
[SourceQuality "1"]

1. d4 Nf6 2. c4 c5 3. d5 b5 4. cxb5 a6 5. b6 g6 6. Nc3 Bg7 7. e4 d6 8. f3 Nbd7 9. a4 Qxb6 10. a5 Qb7 11. f4 0-0 12. Bc4 Nb8 13. Nf3 Bg4 14. 0-0 Qc8 15. Qd3 Re8 16. h3 Bh5 17. Nh2 g5 18. g4 Nxg4 19. hxg4 Bxg4 20. Nxg4 Qxg4+ 21. Kh2 Bd4 22. Qh3 h5 23. Qxg4 hxg4 24. fxg5 Nd7 25. Kg3 Ne5 26. Be2 Kg7 27. Bd2 Rh8 28. Rh1 Rab8 29. Rxh8 Kxh8 30. Rh1+ Kg7 31. Rb1 Rh8 32. Bxg4 Bf2+ 33. Kxf2 Nxg4+ 34. Kg3 Ne5 35. Kg2 Nc4 36. Bf4 Nxa5 37. Ra1 Nc4 38. b3 Nb2 39. Rxa6 Nd3 40. Bg3 Rb8 41. Ne2 Rxb3 42. Ra7 Kf8 43. Ra8+ Kg7 44. Re8 Rb2 45. Kf3 Rb7 46. Kg4 Rc7 47. Nc3 Rb7 48. Kf5 c4 49. Rc8 Nc5 50. e5 Rb3 51. exd6 exd6 52. Bxd6 Rxc3 53. Be5+ 1-0

[Event "Medellin op 2nd"]
[Site "Medellin"]
[Date "2019.05.09"]
[Round "3.7"]
[White "Gonzalez Ospina, Juan Guillermo"]
[Black "Alvarez Mendoza, Rafael"]
[Result "0-1"]
[WhiteElo "1487"]
[BlackElo "1519"]
[PlyCount "64"]
[EventDate "2019.05.08"]
[EventType "swiss"]
[EventRounds "6"]
[EventCountry "COL"]
[SourceTitle "EXT 2024"]
[Source "ChessBase"]
[SourceDate "2023.10.10"]
[SourceVersion "1"]
[SourceVersionDate "2023.10.10"]
[SourceQuality "1"]

1. e4 c6 2. Nc3 e6 3. d4 d5 4. e5 Nd7 5. Nf3 Be7 6. Bf4 Qb6 7. Qc1 Bb4 8. a3 Bxc3+ 9. bxc3 Ne7 10. Rb1 Qa5 11. Bd2 Qc7 12. Bf4 Ng6 13. Bg3 c5 14. c4 Qa5+ 15. Qd2 Qxa3 16. Bd3 cxd4 17. cxd5 exd5 18. 0-0 0-0 19. Rfe1 Nc5 20. Rb5 Nxd3 21. Rd1 Nb2 22. Rb1 Nc4 23. Qxd4 Nb6 24. Qd1 Bf5 25. Ra1 Qe7 26. Rba5 a6 27. Bh4 Nxh4 28. Nxh4 Qxh4 29. g3 Qe7 30. f3 Qxe5 31. f4 Qe3+ 32. Kh1 Be4+ 0-1

[Event "Medellin op 2nd"]
[Site "Medellin"]
[Date "2019.05.08"]
[Round "1.2"]
[White "Alvarez Mendoza, Rafael"]
[Black "Daza, Fernando"]
[Result "0-1"]
[WhiteElo "1519"]
[BlackElo "1881"]
[PlyCount "66"]
[EventDate "2019.05.08"]
[EventType "swiss"]
[EventRounds "6"]
[EventCountry "COL"]
[SourceTitle "EXT 2024"]
[Source "ChessBase"]
[SourceDate "2023.10.10"]
[SourceVersion "1"]
[SourceVersionDate "2023.10.10"]
[SourceQuality "1"]

1. d4 d5 2. Bf4 e6 3. e3 Nf6 4. Nf3 c5 5. c3 Nc6 6. Nbd2 Be7 7. Bd3 0-0 8. Ne5 Bd7 9. 0-0 Rc8 10. Qf3 a6 11. h4 b5 12. g4 Ne8 13. g5 g6 14. Ng4 f6 15. Nh6+ Kg7 16. Qg3 Kh8 17. Kg2 Ng7 18. Qh2 Nh5 19. Rh1 Nxf4+ 20. exf4 Qc7 21. Nf3 Bd6 22. Qg1 Bxf4 23. Ng4 e5 24. Nxf6 Rxf6 25. gxf6 e4 26. Bxe4 dxe4 27. Ng5 cxd4 28. Nxe4 dxc3 29. bxc3 Ne5 30. f3 Bc6 31. Qd4 Bxe4 32. fxe4 Qxc3 33. Qxc3 Rxc3 0-1

[Event "COL visually impaired 14th"]
[Site "Armenia"]
[Date "2018.11.09"]
[Round "1.11"]
[White "Care Garcia, Jose Joaquin"]
[Black "Alvarez Mendoza, Rafael"]
[Result "1-0"]
[WhiteElo "1641"]
[BlackElo "1561"]
[PlyCount "55"]
[EventDate "2018.11.09"]
[EventType "swiss"]
[EventRounds "6"]
[EventCountry "COL"]
[SourceTitle "EXT 2024"]
[Source "ChessBase"]
[SourceDate "2023.10.10"]
[SourceVersion "1"]
[SourceVersionDate "2023.10.10"]
[SourceQuality "1"]

1. e4 d5 2. exd5 Qxd5 3. Nc3 Qa5 4. Nf3 Nf6 5. Bc4 Bf5 6. h3 c6 7. d3 e6 8. Bf4 Bb4 9. 0-0 Bxc3 10. bxc3 Qxc3 11. Bd6 b5 12. Rb1 Qa5 13. Bb3 Nbd7 14. Nd4 Qb6 15. Nxf5 exf5 16. Qe2+ Kd8 17. Bxf7 Kc8 18. c4 Qd4 19. Rfe1 Qxd6 20. cxb5 c5 21. Qf3 Kc7 22. Re6 Ne5 23. Qxf5 Qd7 24. Qxe5+ Kb7 25. Re7 Rhf8 26. Rxd7+ Nxd7 27. Qd5+ Kc7 28. Qc6+ 1-0

[Event "Mosquera op"]
[Site "Mosquera"]
[Date "2014.11.02"]
[Round "7"]
[White "Alvarez Mendoza, Rafael"]
[Black "Manuel Mestras, Nelson"]
[Result "1/2-1/2"]
[WhiteElo "1588"]
[BlackElo "1674"]
[PlyCount "60"]
[EventDate "2014.10.30"]
[EventType "swiss"]
[EventRounds "9"]
[EventCountry "COL"]
[SourceTitle "EXT 2015"]
[Source "ChessBase"]
[SourceDate "2014.11.20"]
[SourceVersion "1"]
[SourceVersionDate "2014.11.20"]
[SourceQuality "1"]

1. d4 Nf6 2. Nf3 g6 3. e3 Bg7 4. Bc4 d5 5. Bd3 Bg4 6. Nbd2 Nc6 7. a3 e6 8. h3 Bxf3 9. Qxf3 Qe7 10. Bb5 0-0 11. Bxc6 bxc6 12. 0-0 c5 13. c3 c4 14. e4 c6 15. Re1 Qb7 16. e5 Nd7 17. Qg3 c5 18. Nf3 cxd4 19. cxd4 Rfe8 20. h4 f6 21. h5 fxe5 22. hxg6 h6 23. dxe5 Rf8 24. Nd4 Rae8 25. Bxh6 Bxh6 26. Qh4 Kg7 27. g4 Kxg6 28. g5 Kg7 29. Qxh6+ Kg8 30. Qg6+ Kh8 1/2-1/2

[Event "COL-ch visually impaired 4th"]
[Site "Bogota"]
[Date "2013.11.08"]
[Round "5.9"]
[White "Alvarez Mendoza, Rafael"]
[Black "Monroy, Juan Francisco"]
[Result "0-1"]
[WhiteElo "1588"]
[BlackElo "1494"]
[PlyCount "56"]
[EventDate "2013.11.08"]
[EventType "swiss"]
[EventRounds "5"]
[EventCountry "COL"]
[SourceTitle "EXT 2024"]
[Source "ChessBase"]
[SourceDate "2023.10.10"]
[SourceVersion "1"]
[SourceVersionDate "2023.10.10"]
[SourceQuality "1"]

1. d4 d5 2. Nf3 Nf6 3. e3 Bg4 4. Nbd2 a6 5. Bd3 Nc6 6. 0-0 e5 7. dxe5 Nxe5 8. Be2 Bd6 9. c4 dxc4 10. Nxc4 Nxc4 11. Bxc4 0-0 12. e4 Nxe4 13. Qd3 Bf5 14. Qd5 Qd7 15. Qxb7 Nc5 16. Qd5 Be4 17. Qd1 Rad8 18. Be3 Qg4 19. Be2 Bxh2+ 20. Kxh2 Rxd1 21. Raxd1 Bxf3 22. Bxf3 Qh4+ 23. Kg1 Ne6 24. g3 Qf6 25. Kg2 Qxb2 26. Rh1 Qxa2 27. Be4 h6 28. Rh4 Qb2 0-1

[Event "COL-ch visually impaired 4th"]
[Site "Bogota"]
[Date "2013.11.08"]
[Round "1.2"]
[White "Alvarez Mendoza, Rafael"]
[Black "Torres, Saulo de Jesus"]
[Result "0-1"]
[WhiteElo "1588"]
[BlackElo "1873"]
[PlyCount "38"]
[EventDate "2013.11.08"]
[EventType "swiss"]
[EventRounds "5"]
[EventCountry "COL"]
[SourceTitle "EXT 2024"]
[Source "ChessBase"]
[SourceDate "2023.10.10"]
[SourceVersion "1"]
[SourceVersionDate "2023.10.10"]
[SourceQuality "1"]

1. d4 Nf6 2. Nf3 g6 3. e3 Bg7 4. Bd3 d6 5. Nbd2 Nbd7 6. 0-0 0-0 7. b3 e5 8. dxe5 dxe5 9. e4 Nc5 10. Nxe5 Qd4 11. Nxg6 hxg6 12. Rb1 Nxd3 13. cxd3 Qxd3 14. Bb2 Nxe4 15. Bxg7 Kxg7 16. Nxe4 Qxe4 17. Qc1 Qc6 18. Qb2+ Qf6 19. Qxf6+ Kxf6 0-1

[Event "American blind and visually impaired"]
[Site "Santa Marta"]
[Date "2013.11.01"]
[Round "4.7"]
[White "Elias, Roberto"]
[Black "Alvarez Mendoza, Rafael"]
[Result "1-0"]
[WhiteElo "1812"]
[BlackElo "1588"]
[PlyCount "58"]
[EventDate "2013.10.31"]
[EventType "swiss"]
[EventRounds "7"]
[EventCountry "COL"]
[SourceTitle "EXT 2024"]
[Source "ChessBase"]
[SourceDate "2023.10.10"]
[SourceVersion "1"]
[SourceVersionDate "2023.10.10"]
[SourceQuality "1"]

1. c4 Nf6 2. Nc3 c6 3. d4 d5 4. e3 Bf5 5. Qb3 Qc7 6. cxd5 cxd5 7. Nxd5 Nxd5 8. Qxd5 e6 9. Bb5+ Nd7 10. Qxd7+ Qxd7 11. Bxd7+ Kxd7 12. Bd2 Bd6 13. f3 Rac8 14. e4 Bg6 15. Ne2 f5 16. e5 Be7 17. Bc3 Rhd8 18. Nf4 Ke8 19. Nxe6 Rd6 20. exd6 Bxd6 21. Nxg7+ Kf7 22. d5 Bb4 23. Bxb4 Kxg7 24. 0-0 Rd8 25. Rad1 Kf7 26. Rd2 f4 27. d6 Rd7 28. Re1 b6 29. Re7+ Rxe7 1-0